[Event "ESP-ch U16 rapid"]
[Site "Salobrena"]
[Date "2023.07.30"]
[Round "9"]
[White "Fernandez Climent, Albert"]
[Black "De la Cuerda Gimeno, Ivan"]
[Result "1-0"]
[WhiteElo "1916"]
[BlackElo "1565"]
[PlyCount "45"]
[EventDate "2023.07.29"]
[EventType "swiss (rapid)"]
[EventRounds "9"]
[EventCountry "ESP"]
[SourceTitle "EXT 2024"]
[Source "ChessBase"]
[SourceDate "2023.10.10"]
[SourceVersion "1"]
[SourceVersionDate "2023.10.10"]
[SourceQuality "1"]

1. e4 e5 2. Nf3 Nc6 3. Bb5 a6 4. Ba4 Nf6 5. Qe2 b5 6. Bb3 Bc5 7. a4 Na5 8. axb5 Nxb3 9. cxb3 a5 10. Qc4 Bd6 11. 0-0 0-0 12. d4 Re8 13. d5 c6 14. dxc6 dxc6 15. Qxc6 Qc7 16. Qxa8 Bb7 17. Qxa5 Qc2 18. Qc3 Qxe4 19. Nbd2 Qg4 20. h3 Qg6 21. Ra7 Rb8 22. Rxb7 Rxb7 23. Qc8+ 1-0